01906cam a22002775a 4500999001700000005001700017008004100034020001800075020001500093040005000108082002000158100003000178245012300208250003900331260003800370300005700408504005100465520080200516650004401318650003301362651001001395653002401405700002301429942000801452952016801460 c27344d2731520190508102413.0120815t2013 nyua frb 001 0 eng d a9780071318679 a0071318674 aStDuBDSbengcStDuBDSdUkdEG-ScBUEdEG-ScBUE04a616.89bWHI22210aWhitbourne, Susan Krauss.10aAbnormal psychology :bclinical perspectives on psychological disorders /cSusan Krauss Whitbourne, Richard P. Halgin. a7th ed., international student ed. aNew York :bMcGraw-Hill,cc.2013. a1 v. (various pagings) :bill. (some col.) ;c28 cm. aIncludes bibliographical references and index. aIn Richard Halgin and Susan Krauss Whitbourne's Abnormal Psychology: Clinical Perspectives on Psychological Disorders, students are shown the human side of Abnormal Psychology. Through the widespread use of current and highly relevant clinical case studies, the biographies and first-person quotations in the Real Stories feature, and the unique case media program Faces Interactive Online, students are presented with real-life portrayals of the disorders featured in the text. The new sixth edition includes updated research coverage and increased pedagogy, designed to maximize student comprehension. The text maintains the integrative approach to treatment using the biopsychosocial model, the lifespan approach, and the succinct coverage that have been the foundations of the text's success.  7aPsychology, Pathological.2BUEsh936168 7aHealth and Wellbeing.2BUEsh 2BUEsh bHHUUPPSScApril20191 aHalgin, Richard P. 2ddc 00102ddc40708AlahramaMAINbMAINc1STd2019-04-03ePurchaseg299.00h525l4m50o616.89 WHIp000043314q2026-02-02r2026-01-12 00:00:00s2026-01-12v373.75yBB